| 000 | 00413nam a2200133 a 4500 | ||
|---|---|---|---|
| 001 | 000015900 | ||
| 005 | 20200929164208.0 | ||
| 008 | 100222s19uu dr 000 0 spa d | ||
| 040 |
_aDO-SdBNP _bspa _cBNPHU |
||
| 100 | 1 |
_aRodríguez, Antonio S. _921620 |
|
| 245 | 1 | 0 |
_aGuía práctica de conciliaciones bancarias / _cAntonio S. Rodríguez. |
| 260 |
_a[Santo Domingo] : _b[s.d.], _c[19uu?]. |
||
| 300 |
_a30 p. ; _c21 cm. |
||
| 999 |
_c15442 _d15442 |
||